Cliquez sur les départements de ces clubs de football sur une carte - Statistiques

Statistiques générales
  • Ce quiz a été pris 225 fois
  • Le résultat moyen est 12 sur 20
Réponses sur la Carte
Les réponses sont colorées sur une échelle allant du rouge au vert en fonction du pourcentage des utilisateurs qui les ont devinées à leur premier essai. Vous pouvez retrouver ces pourcentages ci-dessous.
 
Statistiques - réponses
Réponse % Correct
Paris Saint-Germain
89%
FC Girondins de Bordeaux
83%
Olympique de Marseille
74%
Stade brestois
74%
Montpellier HSC
72%
FC Nantes
70%
RC Lens
70%
LOSC Lille
69%
AC Ajaccio
63%
FC Lorient
63%
Stade rennais FC
63%
Nîmes Olympique
57%
Clermont Foot
56%
Le Havre AC
56%
AS Saint-Étienne
55%
Angers SCO
43%
Olympique lyonnais
43%
ESTAC Troyes
42%
AJ Auxerre
41%
Toulouse FC
34%
Aucun quiz correspondant
Distribution des résultats
% des personnes avec chaque résultat
Percentile par nombre de réponses
Votre historique - résultats
Vous n’avez pas pris ce quiz